[Event "Novokuznetsk-ch"]
[Site "Novokuznetsk"]
[Date "2012.12.08"]
[Round "6"]
[White "Bureev, Danila"]
[Black "Lavrov, Sergey G"]
[Result "1-0"]
[WhiteElo "1938"]
[BlackElo "2010"]
[PlyCount "43"]
[EventDate "2012.11.18"]
[EventType "swiss"]
[EventRounds "9"]
[EventCountry "RUS"]
[SourceTitle "EXT 2014"]
[Source "ChessBase"]
[SourceDate "2013.11.20"]
[SourceVersion "1"]
[SourceVersionDate "2013.11.20"]
[SourceQuality "1"]

1. d4 Nf6 2. Nf3 e6 3. c4 d5 4. Nc3 Bb4 5. e3 c5 6. Be2 Nc6 7. 0-0 0-0 8. a3 Bxc3 9. bxc3 b6 10. cxd5 Nxd5 11. Qc2 Bb7 12. e4 Nf6 13. e5 Nd7 14. Ng5 g6 15. Qd3 Kg7 16. Qh3 Rh8 17. d5 h6 18. Nxf7 Kxf7 19. Qxe6+ Kg7 20. dxc6 Nf8 21. Qf6+ Qxf6 22. exf6+ 1-0

[Event "Novokuznetsk-ch"]
[Site "Novokuznetsk"]
[Date "2012.11.25"]
[Round "3"]
[White "Lavrov, Sergey G"]
[Black "Parygin, Dmitriy"]
[Result "1-0"]
[WhiteElo "2010"]
[BlackElo "1876"]
[PlyCount "125"]
[EventDate "2012.11.18"]
[EventType "swiss"]
[EventRounds "9"]
[EventCountry "RUS"]
[SourceTitle "EXT 2014"]
[Source "ChessBase"]
[SourceDate "2013.11.20"]
[SourceVersion "1"]
[SourceVersionDate "2013.11.20"]
[SourceQuality "1"]

1. e4 e5 2. Nf3 Nc6 3. Bb5 Nf6 4. 0-0 Bc5 5. d3 0-0 6. Bxc6 dxc6 7. Nxe5 Re8 8. Nf3 Bg4 9. h3 Bh5 10. Bg5 h6 11. Bh4 g5 12. Bg3 g4 13. hxg4 Nxg4 14. c3 Bd6 15. Bxd6 Qxd6 16. Qc2 Re6 17. d4 Qf4 18. e5 c5 19. Nbd2 Bg6 20. Qc1 h5 21. Nb3 Qxc1 22. Raxc1 cxd4 23. cxd4 Ra6 24. Ra1 Rc6 25. Rfc1 Be4 26. Rxc6 Bxc6 27. Rc1 Rc8 28. Rc5 Be4 29. e6 fxe6 30. Rxh5 Bf5 31. Nh4 Rf8 32. Nxf5 Rxf5 33. Rxf5 exf5 34. Nc5 b6 35. Ne6 c6 36. Nd8 c5 37. dxc5 bxc5 38. Nc6 Kf7 39. Nxa7 Ke6 40. Kf1 Kd5 41. Ke2 Ne5 42. Kd2 c4 43. b3 f4 44. Nb5 Kc5 45. Nc3 Nd3 46. f3 Ne5 47. Ne2 Nd3 48. bxc4 Kxc4 49. a4 Nc5 50. a5 Nb3+ 51. Kc2 Nxa5 52. Nxf4 Kd4 53. Kd2 Nc4+ 54. Ke2 Ke5 55. Nd3+ Ke6 56. g4 Nd6 57. Ke3 Nf7 58. Nf4+ Ke5 59. Nd3+ Kd5 60. f4 Nh6 61. Kf3 Nf7 62. g5 Kd4 63. Nf2 1-0

[Event "Novokuznetsk-ch"]
[Site "Novokuznetsk"]
[Date "2011.??.??"]
[Round "4"]
[White "Lavrov, Sergey G"]
[Black "Sukiasyan, Artem"]
[Result "0-1"]
[WhiteElo "2036"]
[BlackElo "1701"]
[PlyCount "118"]
[EventDate "2011.11.19"]
[EventType "swiss"]
[EventRounds "9"]
[EventCountry "RUS"]
[SourceTitle "EXT 2013"]
[Source "ChessBase"]
[SourceDate "2012.11.22"]
[SourceVersion "1"]
[SourceVersionDate "2012.11.22"]
[SourceQuality "1"]

1. e4 e6 2. d4 d5 3. e5 c5 4. c3 Nc6 5. Nf3 Qb6 6. g3 Nh6 7. Bd3 Bd7 8. Bc2 Nf5 9. Bxf5 exf5 10. 0-0 Rc8 11. dxc5 Bxc5 12. Qxd5 Be6 13. Qd3 Rd8 14. Qe2 a5 15. b3 0-0 16. Ba3 Rfe8 17. Re1 Bd5 18. c4 Bxf3 19. Bxc5 Qxc5 20. Qxf3 Nxe5 21. Rxe5 Rxe5 22. Nc3 b6 23. Rd1 Rxd1+ 24. Qxd1 Qe7 25. Kf1 h6 26. a4 Qc7 27. Nd5 Qd6 28. Qd3 Qe6 29. Qd2 Qd6 30. Qd3 Qc5 31. Qd2 Re4 32. Qd3 Kf8 33. Qf3 Re5 34. Qd3 Re4 35. Qf3 Re5 36. Qd3 Qd6 37. Qf3 g6 38. Qd3 Re4 39. Qd2 Kg7 40. Qc3+ f6 41. Qb2 Qe6 42. Qd2 Qd6 43. Qc3 g5 44. Qd2 Qe6 45. f4 g4 46. Kf2 Qd6 47. Qc3 Qc5+ 48. Kf1 Re6 49. Qb2 Kg6 50. Qa1 h5 51. Qb2 Qd6 52. Qa1 Re4 53. Qb2 Qe6 54. Qd2 Qd6 55. Qb2 h4 56. Qa1 h3 57. Qb2 Re6 58. Qa1 Qc5 59. Qb2 Re1+ 0-1

[Event "Novokuznetsk-ch"]
[Site "Novokuznetsk"]
[Date "2011.??.??"]
[Round "1"]
[White "Leontiev, Oleg"]
[Black "Lavrov, Sergey G"]
[Result "1/2-1/2"]
[WhiteElo "1817"]
[BlackElo "2036"]
[PlyCount "74"]
[EventDate "2011.11.19"]
[EventType "swiss"]
[EventRounds "9"]
[EventCountry "RUS"]
[SourceTitle "EXT 2013"]
[Source "ChessBase"]
[SourceDate "2012.11.22"]
[SourceVersion "1"]
[SourceVersionDate "2012.11.22"]
[SourceQuality "1"]

1. c4 Nf6 2. Nc3 e6 3. e4 d6 4. d4 Be7 5. g3 0-0 6. Bg2 c5 7. d5 exd5 8. cxd5 a6 9. a4 Bg4 10. f3 Bd7 11. Nge2 Qc8 12. h4 b6 13. h5 Ne8 14. Bd2 f5 15. 0-0 Nc7 16. h6 g6 17. Nf4 Bg5 18. Nxg6 hxg6 19. Bxg5 Rf7 20. Bf4 Qf8 21. Qd2 Rh7 22. e5 dxe5 23. Bxe5 Ne8 24. d6 Nc6 25. f4 Qxh6 26. Qd5+ Kf8 27. Kf2 Ng7 28. Bxg7+ Qxg7 29. Rh1 Rxh1 30. Rxh1 Re8 31. Qd2 Re6 32. Bxc6 Bxc6 33. d7 Qxd7 34. Rh8+ Kg7 35. Qxd7+ Bxd7 36. Ra8 a5 37. Ra7 Rd6 1/2-1/2

[Event "Novokuznetsk-ch op"]
[Site "Novokuznetsk"]
[Date "2007.11.24"]
[Round "4"]
[White "Lavrov, Sergey G"]
[Black "Alimov, Alexander"]
[Result "0-1"]
[WhiteElo "2099"]
[BlackElo "2049"]
[PlyCount "126"]
[EventDate "2007.11.24"]
[EventType "swiss"]
[EventRounds "9"]
[EventCountry "RUS"]
[SourceTitle "EXT 2022"]
[Source "ChessBase"]
[SourceDate "2021.10.06"]
[SourceVersion "1"]
[SourceVersionDate "2021.10.06"]
[SourceQuality "1"]

1. e4 c6 2. d4 g6 3. f4 Bg7 4. Nf3 d5 5. e5 Bg4 6. Be2 e6 7. 0-0 Ne7 8. h3 Bxf3 9. Rxf3 Nf5 10. g4 Nh4 11. Rb3 b6 12. a4 Nd7 13. Be3 Rc8 14. Bf2 Bf8 15. Nd2 Be7 16. c4 h6 17. Rc3 Bb4 18. Rc2 Bxd2 19. Qxd2 g5 20. Bxh4 gxh4 21. Rac1 dxc4 22. Rxc4 Nb8 23. Bf3 Qd7 24. Qf2 Qd8 25. Bxc6+ Nxc6 26. Rxc6 Rxc6 27. Rxc6 Qd7 28. Rc4 0-0 29. Qxh4 Qd5 30. b3 Qf3 31. Qf2 Qxh3 32. Rc7 Qxg4+ 33. Qg2 Qxg2+ 34. Kxg2 Rd8 35. Rc4 Kf8 36. Kf3 Ke7 37. Ke4 Kd7 38. f5 Rg8 39. fxe6+ fxe6 40. Kf4 Rc8 41. Kg4 Rg8+ 42. Kh5 Rg3 43. Kxh6 Rxb3 44. Kg5 a5 45. Kf4 Rb4 46. Rxb4 axb4 47. Ke3 Kc6 48. Kd2 Kd5 49. Kd3 b3 50. Kc3 b2 51. Kxb2 Kxd4 52. Kb3 Kxe5 53. Kc4 Kd6 54. Kb5 Kc7 55. a5 bxa5 56. Kxa5 Kc6 57. Kb4 Kd5 58. Kc3 Ke4 59. Kd2 Kf3 60. Kd3 e5 61. Kd2 e4 62. Ke1 Ke3 63. Kf1 Kd2 0-1

[Event "Novokuznetsk-ch op"]
[Site "Novokuznetsk"]
[Date "2007.11.24"]
[Round "6"]
[White "Lavrov, Sergey G"]
[Black "Volodarsky, Yury Aleksandrovic"]
[Result "0-1"]
[WhiteElo "2099"]
[BlackElo "2261"]
[PlyCount "44"]
[EventDate "2007.11.24"]
[EventType "swiss"]
[EventRounds "9"]
[EventCountry "RUS"]
[SourceTitle "EXT 2022"]
[Source "ChessBase"]
[SourceDate "2021.10.06"]
[SourceVersion "1"]
[SourceVersionDate "2021.10.06"]
[SourceQuality "1"]

1. e4 e5 2. Nf3 Nf6 3. Nxe5 d6 4. Nf3 Nxe4 5. Nc3 Nxc3 6. dxc3 Be7 7. Be3 Nc6 8. Qd2 Ne5 9. Nxe5 dxe5 10. Qxd8+ Bxd8 11. 0-0-0 0-0 12. Bc5 Re8 13. Bc4 Bg5+ 14. Kb1 Bf5 15. Rhe1 Bf6 16. f3 h5 17. Rg1 Rad8 18. Bb5 c6 19. Bc4 b6 20. Be3 e4 21. f4 Kf8 22. Kc1 h4 0-1